000 00625nam a2200241Ia 4500
003 OSt
005 20230913155113.0
008 210324s9999||||xx |||||||||||||| ||und||
040 _cSTCPL
041 _aENG
082 _a561
_bSEW-F V.2
100 _aSeward, A. C.
245 0 _aFossil plants :
_bA text book for students of botany and geology Vol.2 /
_cby A. C. Seward
260 _aLondon :
_bHafner Publishing Company ,
_c1919 .
300 _a624 p.
_bHB
650 _aPsilotales
650 _aCordaitales
650 _aCycadofilices
942 _cBK
942 _2ddc
_n0
942 _2ddc
_n0
942 _2ddc
_n0
999 _c79915
_d79915